header

Human resource management in schools and colleges (Record no. 93206)

MARC details
000 -LEADER
fixed length control field 01346nam a2200337Ia 4500
082 04 - DEWEY DECIMAL CLASSIFICATION NUMBER
Classification number 371.201
100 1# - MAIN ENTRY--AUTHOR NAME
Personal name Middlewood, David.
245 10 - TITLE STATEMENT
Title Human resource management in schools and colleges
260 ## - PUBLICATION, DISTRIBUTION, ETC. (IMPRINT)
Place of publication London :
Name of publisher Paul Chapman Publishing ;
Place of publication Thousand Oaks, Calif. :
Name of publisher SAGE,
Year of publication 1998.
300 ## - PHYSICAL DESCRIPTION
Number of Pages vi, 98 p. :
Other physical details ill.
650 #0 - SUBJECT ADDED ENTRY--TOPICAL TERM
Topical Term School management and organization
Topical Term School personnel management
700 1# - ADDED ENTRY--PERSONAL NAME
Personal name Lumby, Jacky.
856 40 - ELECTRONIC LOCATION AND ACCESS
Uniform Resource Identifier http://site.ebrary.com/lib/rucke/Doc?id=10567097

No items available.

© 2026 Rongo University
Contact us: librarian | system librarian | Rongo university